000 00219nam a22000857a 4500
008 160711b xxu||||| |||| 00| 0 eng d
100 _92531
_a Miura, A
245 _aShiokari Pass
260 _aN.J
_b Fleming H.Revell.Com.
_c1974
999 _c2198
_d2198